000 00840nab a2200277 4500
003 BR-BrBNA
005 20240815094347.0
008 240809b bl.||||| |||| 00| 0 por d
040 _aBR-BrBNA
_bpor
072 _aL01
_b6700 ; 9705
100 _aPortz, Neca
245 _aPioneiro na estrutiocultura investe no Tocantins
500 _a5 illus.
650 _aAVESTRUZ
650 _aAVE DOMÉSTICA
650 _aCRIAÇÃO
650 _aLONGEVIDADE
650 _aCARNE
650 _aOVO
650 _aCOURO
650 _aPLUMA
650 _aTOCANTINS
773 0 _04604
_9317182
_dPalmas - Tocantins Terranova Gráfica e Editora Jornalística Ltda 2005
_o2024-3806
_tCerrado Rural Agronegócios (Brazil)
_x1980-2595
_gv. 3(11) p. 32-36; (Oct 2005)
_wBR2024002407
942 _cAnalítica
999 _c300808
_d300808